01153cam a22003011 4500001001300000003000400013005001700017008004100034010001700075035002000092040001900112043001200131050002700143051001900170082001200189100003500201245005900236260009200295300003300387490005400420501015300474504003000627650004700657650004000704650002300744830006700767999001700834e 57000040 DLC20260227111236.0870922s1957 dcua b f000 0 eng  ae 57000040  a(OCoLC)16729530 aDLCcOrPSdDLC ae-gx---00aL111b.A6 1957, no. 12 aLA721.82b.L47 a370.9431 aLindegren, Alina Marie,d1887-10aGermany revisited;beducation in the Federal Republic. a[Washington]bU.S. Dept. of Health, Education, and Welfare, Office of Educationc[1957] aviii, 107 p.billus.c23 cm.1 a[U.S. Office of Education] Bulletin 1957,vno. 12 aCopy 2 with: Costs of attending college / Victor Ernest Hollis. Washington : Govt. Print. Off., 1957. Bound together subsequent to publication.5DLC aBibliography: p. 101-107. 0aEducationzGermanyxHistoryy20th century. 0aUniversities and collegeszGermany. 0aEducation, Higher. 0aBulletin (United States. Office of Education) ;v1957. no. 12. c22283d22283